000
00261nam a22001097a 4500
008
230607b xxu||||| |||| 00| 0 eng d
082
_a
923.2
_b
MWE
245
_a
Patrice Lumumba
260
_b
Transafrica Book Distributors
_c
1977
300
_a
124 p
942
_2
ddc
_c
BK
999
_c
789
_d
789